KOHA-Header-6

Object Oriented Programming in C + + (Record no. 9365)

000 -LEADER
fixed length control field 00250nam a2200109Ia 4500
020 ## - INTERNATIONAL STANDARD BOOK NUMBER
ISBN 978-1571691606
100 ## - MAIN ENTRY--AUTHOR NAME
Personal name Robert Lafore
245 #0 - TITLE STATEMENT
Title Object Oriented Programming in C + +
260 ## - PUBLICATION, DISTRIBUTION, ETC. (IMPRINT)
Place of publication India
Name of publisher McGraw Hill
Year of publication 1980
300 ## - PHYSICAL DESCRIPTION
Number of Pages 239
942 ## - ADDED ENTRY ELEMENTS (KOHA)
Koha item type Books
Holdings
Withdrawn status Lost status Collection code Permanent Location Current Location Shelving location Date acquired Full call number Accession Number Koha item type
    Computer Languages MAJU MAJU Shelf No.A18 2019-09-14 658.8 5017 Computer Languages

Powered by Koha